<?xml version="1.0" encoding="UTF-8"?><?xml-stylesheet type="text/xsl" href="static/style.xsl"?><OAI-PMH xmlns="http://www.openarchives.org/OAI/2.0/" xmlns:xsi="http://www.w3.org/2001/XMLSchema-instance" xsi:schemaLocation="http://www.openarchives.org/OAI/2.0/ http://www.openarchives.org/OAI/2.0/OAI-PMH.xsd"><responseDate>2026-04-13T04:17:20Z</responseDate><request verb="GetRecord" identifier="oai:www.recercat.cat:11351/12746" metadataPrefix="marc">https://recercat.cat/oai/request</request><GetRecord><record><header><identifier>oai:recercat.cat:11351/12746</identifier><datestamp>2025-10-24T10:36:00Z</datestamp><setSpec>com_2072_378070</setSpec><setSpec>com_2072_378040</setSpec><setSpec>col_2072_378092</setSpec></header><metadata><record xmlns="http://www.loc.gov/MARC21/slim" xmlns:dcterms="http://purl.org/dc/terms/" xmlns:xsi="http://www.w3.org/2001/XMLSchema-instance" xmlns:doc="http://www.lyncode.com/xoai" xsi:schemaLocation="http://www.loc.gov/MARC21/slim http://www.loc.gov/standards/marcxml/schema/MARC21slim.xsd">
   <leader>00925njm 22002777a 4500</leader>
   <datafield ind2=" " ind1=" " tag="042">
      <subfield code="a">dc</subfield>
   </datafield>
   <datafield ind2=" " ind1=" " tag="720">
      <subfield code="a">Rodríguez, Miguel Ángel</subfield>
      <subfield code="e">author</subfield>
   </datafield>
   <datafield ind2=" " ind1=" " tag="720">
      <subfield code="a">Espinoza Cámac, Nataly</subfield>
      <subfield code="e">author</subfield>
   </datafield>
   <datafield ind2=" " ind1=" " tag="720">
      <subfield code="a">Buti Ferret, Maria</subfield>
      <subfield code="e">author</subfield>
   </datafield>
   <datafield ind2=" " ind1=" " tag="720">
      <subfield code="a">Calleja-Panero, Jose Luis</subfield>
      <subfield code="e">author</subfield>
   </datafield>
   <datafield ind2=" " ind1=" " tag="720">
      <subfield code="a">Domínguez-Hernández, Raquel</subfield>
      <subfield code="e">author</subfield>
   </datafield>
   <datafield ind2=" " ind1=" " tag="720">
      <subfield code="a">Cantero Hernández, Helena</subfield>
      <subfield code="e">author</subfield>
   </datafield>
   <datafield ind2=" " ind1=" " tag="260">
      <subfield code="c">2025-03-11T11:29:01Z</subfield>
   </datafield>
   <datafield ind2=" " ind1=" " tag="260">
      <subfield code="c">2025-03-11T11:29:01Z</subfield>
   </datafield>
   <datafield ind2=" " ind1=" " tag="260">
      <subfield code="c">2024</subfield>
   </datafield>
   <datafield ind2=" " ind1=" " tag="260">
      <subfield code="c">2025-03</subfield>
   </datafield>
   <datafield ind2=" " ind1=" " tag="520">
      <subfield code="a">Tratamiento antiviral; Hepatitis delta crónica; Virus de la hepatitis D</subfield>
   </datafield>
   <datafield ind2=" " ind1=" " tag="520">
      <subfield code="a">Antiviral therapy; Chronic hepatitis delta; Hepatitis D virus</subfield>
   </datafield>
   <datafield ind2=" " ind1=" " tag="520">
      <subfield code="a">Teràpia antiviral; Hepatitis delta crònica; Virus de l'hepatitis D</subfield>
   </datafield>
   <datafield ind2=" " ind1=" " tag="520">
      <subfield code="a">Background/Aims&#xd;
Bulevirtide (Hepcludex®) is the first drug approved for the treatment of chronic hepatitis D (CHD), unlike the current off-label treatment (PEG-IFN-α), limited in clinical practice and associated with post-treatment relapses. In a hypothetical cohort of CHD patients in Spain, the study aim was to compare the efficiency of bulevirtide with PEG-IFN-α in terms of clinical events avoided and associated cost savings.&#xd;
Methods&#xd;
A validated economic model reflecting the natural history of the disease was used to project lifetime liver complications and costs for two hypothetical cohorts treated with bulevirtide or PEG-IFN-α. The model considered progression to complications such as decompensated cirrhosis (DCC), hepatocellular carcinoma (HCC), liver transplantation (LT), and death. The efficacy rates used at 24 and 48 weeks were defined as the combined response rate for bulevirtide and undetectable HDV RNA to PEG-IFN-α. The numbers of clinic events and associated costs were evaluated from the perspective of the National Healthcare System.&#xd;
Results&#xd;
In a hypothetical cohort of 3882 patients, bulevirtide reduced the numbers of complications events in comparison to PEG-IFN-α (152 DCC, 113 HCC, 11 LT, and 321 deaths over a lifetime). This was associated with a reduction of event-related costs of €11,837,044 (DCC €1,138,059; HCC €1,503,583; LT €7,834,291; and death €1,361,111).&#xd;
Conclusion&#xd;
In patients with CHD, bulevirtide could prevent a significant number of clinical events compared to PEG-IFN-α and contribute to cost savings through these reduction in liver complications. Further testing for hepatitis D virus is needed so that more patients can benefit from bulevirtide.</subfield>
   </datafield>
   <datafield ind2=" " ind1=" " tag="520">
      <subfield code="a">Antecedentes/Objetivos&#xd;
La bulevirtida (Hepcludex®) es el primer tratamiento aprobado para la hepatitis D crónica (HDC), a diferencia del tratamiento con PEG-IFN-α (fuera de indicación) limitado en la práctica clínica por estar asociado a recidivas tras el tratamiento. El objetivo fue comparar la eficacia de bulevirtida vs. PEG-IFN-α en términos de eventos clínicos evitados y ahorro de costes asociados en una cohorte hipotética de pacientes con HDC en España.&#xd;
Métodos&#xd;
Se utilizó un modelo económico validado que refleja la historia natural de la enfermedad mediante la simulación de complicaciones hepáticas (cirrosis descompensada [CD], carcinoma hepatocelular [CHC], trasplante hepático [TH] y muerte) durante la vida del paciente. Se emplearon tasas de eficacia a las 24 y 48 semanas, considerando la tasa de respuesta combinada para bulevirtida y el ARN-VHD indetectable para PEG-IFN-α. Los eventos clínicos y sus costes asociados se evaluaron desde la perspectiva del Sistema Nacional de Salud.&#xd;
Resultados&#xd;
En una cohorte hipotética de 3.882 pacientes, bulevirtida redujo el número de complicaciones en comparación con PEG-IFN-α (152 CD, 113 CHC, 11 TH y 321 muertes, a lo largo de la vida). Esto supuso una reducción de 11.837.044 € (1.138.059 € CD, 1.503.583 € CHC, 7.834.291 € TH y 1.361.111 € muertes hepáticas).&#xd;
Conclusiones&#xd;
En pacientes con CHD, bulevirtida (Hepcludex®) podría prevenir un número significativo de complicaciones clínicas en comparación con PEG-IFN-α y contribuir al ahorro de costes a través de esta reducción de las complicaciones hepáticas. Es necesario realizar más pruebas de detección del virus de la hepatitis D para que más pacientes puedan beneficiarse de bulevirtida.</subfield>
   </datafield>
   <datafield ind2=" " ind1=" " tag="520">
      <subfield code="a">This work has been funded by Gilead Sciences Spain.</subfield>
   </datafield>
   <datafield ind1="8" ind2=" " tag="024">
      <subfield code="a">http://hdl.handle.net/11351/12746</subfield>
   </datafield>
   <datafield tag="653" ind2=" " ind1=" ">
      <subfield code="a">Medicaments antivírics - Ús terapèutic</subfield>
   </datafield>
   <datafield tag="653" ind2=" " ind1=" ">
      <subfield code="a">Medicaments antivírics - Aspectes econòmics</subfield>
   </datafield>
   <datafield tag="653" ind2=" " ind1=" ">
      <subfield code="a">Hepatitis vírica - Tractament</subfield>
   </datafield>
   <datafield tag="653" ind2=" " ind1=" ">
      <subfield code="a">Hepatitis vírica - Aspectes econòmics</subfield>
   </datafield>
   <datafield tag="653" ind2=" " ind1=" ">
      <subfield code="a">Cost - Control</subfield>
   </datafield>
   <datafield tag="653" ind2=" " ind1=" ">
      <subfield code="a">ANALYTICAL, DIAGNOSTIC AND THERAPEUTIC TECHNIQUES, AND EQUIPMENT::Investigative Techniques::Epidemiologic Methods::Statistics as Topic::Models, Statistical::Models, Economic</subfield>
   </datafield>
   <datafield tag="653" ind2=" " ind1=" ">
      <subfield code="a">DISEASES::Virus Diseases::Hepatitis, Viral, Human::Hepatitis D::Hepatitis D, Chronic</subfield>
   </datafield>
   <datafield tag="653" ind2=" " ind1=" ">
      <subfield code="a">Other subheadings::Other subheadings::Other subheadings::/drug therapy</subfield>
   </datafield>
   <datafield tag="653" ind2=" " ind1=" ">
      <subfield code="a">HEALTH CARE::Health Care Economics and Organizations::Economics::Costs and Cost Analysis::Cost Control::Cost Savings</subfield>
   </datafield>
   <datafield tag="653" ind2=" " ind1=" ">
      <subfield code="a">CHEMICALS AND DRUGS::Chemical Actions and Uses::Pharmacologic Actions::Therapeutic Uses::Anti-Infective Agents::Antiviral Agents</subfield>
   </datafield>
   <datafield tag="653" ind2=" " ind1=" ">
      <subfield code="a">Other subheadings::Other subheadings::/therapeutic use</subfield>
   </datafield>
   <datafield tag="653" ind2=" " ind1=" ">
      <subfield code="a">TÉCNICAS Y EQUIPOS ANALÍTICOS, DIAGNÓSTICOS Y TERAPÉUTICOS::técnicas de investigación::métodos epidemiológicos::estadística como asunto::modelos estadísticos::modelos económicos</subfield>
   </datafield>
   <datafield tag="653" ind2=" " ind1=" ">
      <subfield code="a">ENFERMEDADES::virosis::hepatitis viral humana::hepatitis D::hepatitis D crónica</subfield>
   </datafield>
   <datafield tag="653" ind2=" " ind1=" ">
      <subfield code="a">Otros calificadores::Otros calificadores::Otros calificadores::/farmacoterapia</subfield>
   </datafield>
   <datafield tag="653" ind2=" " ind1=" ">
      <subfield code="a">ATENCIÓN DE SALUD::economía y organizaciones para la atención de la salud::economía::costes y análisis de costes::control de costes::ahorro de costes</subfield>
   </datafield>
   <datafield tag="653" ind2=" " ind1=" ">
      <subfield code="a">COMPUESTOS QUÍMICOS Y DROGAS::acciones y usos químicos::acciones farmacológicas::usos terapéuticos::antiinfecciosos::antivíricos</subfield>
   </datafield>
   <datafield tag="653" ind2=" " ind1=" ">
      <subfield code="a">Otros calificadores::Otros calificadores::/uso terapéutico</subfield>
   </datafield>
   <datafield ind2="0" ind1="0" tag="245">
      <subfield code="a">Clinical and economic value of bulevirtide in the treatment of chronic hepatitis D</subfield>
   </datafield>
   <datafield ind2="0" ind1="0" tag="245">
      <subfield code="a">Valor clínico y económico de la bulevirtida en el tratamiento de la hepatitis D crónica</subfield>
   </datafield>
</record></metadata></record></GetRecord></OAI-PMH>